Statistics for Most Capped Footballers for Russia

Click here to take the quiz!

General Stats

  • This quiz has been taken 47 times
  • The average score is 7 of 28

Answer Stats

RankCapsYearsAnswer% Correct
41102004-Igor Akinfeev
79%
15752002-2012Andrey Arshavin
76%
12781954-1967Lev Yashin
67%
11272002-2018Sergei Ignashevich
50%
51002003-2016Vasily Berezutsky
50%
6972005-Yuri Zhirkov
48%
7912002-2016Aleksandr Kerzhakov
40%
21131992-2004Viktor Onopko
38%
31121972-1988Oleh Blokhin
36%
16721992-2003Valeri Karpin
31%
25592008-Alan Dzagoev
29%
21651990-2004Aleksandr Mostovoi
24%
21651997-2010Sergei Semak
19%
25591989-1998Andrei Kanchelskis
17%
13772004-2013Aleksandr Anyukov
14%
25591956-1965Valentin Ivanov
14%
17711992-2003Vladimir Beschastnykh
12%
7911979-1990Rinat Dasayev
7%
25591989-1998Igor Kolyvanov
2%
23631986-1992Oleg Kuznetsov
2%
19681984-1991Oleh Protasov
2%
13771984-1992Sergei Aleinikov
2%
20661960-1968Valery Voronin
2%
9901961-1971Albert Shesternev
0%
10801981-1990Anatoliy Demyanenko
0%
18691965-1973Murtaz Khurtsilava
0%
11791977-1990Volodymyr Bezsonov
0%
24621968-1974Volodymyr Kaplichny
0%

Score Distribution

Percentile by Number Answered

Percent of People with Each Score

Your Score History

You have not taken this quiz